| 000 | 00438nam a2200145Ia 4500 | ||
|---|---|---|---|
| 008 | 140724s9999 xx 000 0 und d | ||
| 050 |
_aTX 911.3.M27 _b.N322 2011 |
||
| 100 | _aNavarro, Jan Carlo. | ||
| 245 |
_aBurger Run / _cJan Carlo Navarro. |
||
| 260 |
_aLas PiƱas, Philippines : _bSouthville International School and Colleges, _cc2011. |
||
| 300 |
_a19 p. : _bill. ; _c28 cm. |
||
| 521 | _aTourism | ||
| 942 | _cTH | ||
| 999 |
_c229162 _d229162 |
||